[Event "Tournoi francophone 018B"]
[Site "Skype"]
[Date "????.??.??"]
[Round "8.3"]
[White "Trivedi, Viral"]
[Black "Rodier, Marc"]
[Result "1/2-1/2"]
[WhiteElo "1210"]
[BlackElo "1547"]
[PlyCount "63"]

1. d4 Nf6 2. Bf4 e6 3. e3 c5 4. c3 d5 5. Nd2 Nc6 6. Bd3 Bd6 7. Bg3 Qd7 8. Ngf3
cxd4 9. exd4 Qc7 10. Qc2 Bd7 11. Bh4 h6 12. Nb3 Nh5 13. Nc5 g5 14. Bg3 Nxg3 15.
hxg3 f6 16. Bg6+ Ke7 17. Bh7 f5 18. Rxh6 Bxc5 19. dxc5 Ne5 20. O-O-O Nxf3 21.
gxf3 Qxc5 22. Re1 Kd8 23. Rexe6 Bxe6 24. Rxe6 Rxh7 25. Qxf5 Rd7 26. Qxg5+ Kc7
27. Qe5+ Rd6 28. Re7+ Kb6 29. b4 Qc6 30. Qd4+ Ka6 31. Qd3+ Kb6 32. Qd4+ 1/2-1/2

[Event "Tournoi francophone 018B"]
[Site "Skype"]
[Date "????.??.??"]
[Round "8.5"]
[White "Khabou, Taha"]
[Black "Marino, Giuseppe"]
[Result "1/2-1/2"]
[WhiteElo "1358"]
[BlackElo "1339"]
[PlyCount "48"]

1. d4 d5 2. Bf4 e6 3. e3 Bd6 4. Bg3 Bxg3 5. hxg3 Bd7 6. Nf3 Nc6 7. c3 Nf6 8.
Nbd2 Qe7 9. Bd3 e5 10. dxe5 Nxe5 11. Nxe5 Qxe5 12. Nf3 Qe7 13. Qe2 h6 14. a4
Bg4 15. a5 a6 16. O-O Ne4 17. Qc2 Bxf3 18. gxf3 Ng5 19. Kg2 Qf6 20. Qe2 h5 21.
e4 dxe4 22. Bxe4 O-O-O 23. Qe3 Nxe4 24. Qxe4 Rhe8 1/2-1/2

[Event "Tournoi francophone 018B"]
[Site "Skype"]
[Date "????.??.??"]
[Round "9.1"]
[White "Marino, Giuseppe"]
[Black "Sauvaget, Joel"]
[Result "1/2-1/2"]
[WhiteElo "1339"]
[BlackElo "1290"]
[PlyCount "46"]

1. e4 e5 2. Bc4 d6 3. Qh5 Qd7 4. d3 Nf6 5. Qd1 a6 6. c3 g6 7. Nf3 Bg7 8. O-O
O-O 9. Re1 Nc6 10. Qa4 Nb8 11. Qxd7 Bxd7 12. h3 Nc6 13. Bb3 Na5 14. Bc2 b5 15.
Nbd2 Nb7 16. d4 exd4 17. Nxd4 Rfe8 18. Rb1 Nc5 19. N4b3 Nxb3 20. Nxb3 Bc6 21.
Nd2 Bb7 22. b4 Nd5 23. c4 Nf6 1/2-1/2

[Event "Tournoi francophone 018B"]
[Site "Skype"]
[Date "????.??.??"]
[Round "9.2"]
[White "Sahrane, Juba"]
[Black "Khabou, Taha"]
[Result "1-0"]
[WhiteElo "1514"]
[BlackElo "1358"]
[PlyCount "93"]

1. e4 e6 2. d4 d5 3. exd5 exd5 4. Nf3 Bf5 5. Bd3 Bxd3 6. Qxd3 c6 7. O-O Nf6 8.
Re1+ Be7 9. Qe2 Kf8 10. Bg5 Nbd7 11. Nbd2 Bd6 12. Nf1 h6 13. Bh4 g6 14. Bg3 Qc7
15. Bxd6+ Qxd6 16. Ne5 Kg7 17. Nxd7 Qxd7 18. Qe7 Rhe8 19. Qxd7 Nxd7 20. Nd2 a5
21. Nf3 a4 22. b3 Kf8 23. Rxe8+ Kxe8 24. bxa4 Rxa4 25. c3 Nf6 26. Re1+ Kf8 27.
Re2 Ne4 28. Rc2 Rc4 29. Nd2 Nxd2 30. Rxd2 Rxc3 31. Kf1 Ke7 32. g3 b5 33. Ke1
Rc4 34. Ke2 Kd6 35. Kd3 c5 36. dxc5+ Kxc5 37. Re2 Ra4 38. Rc2+ Kd6 39. Rb2 b4
40. Kc2 Kc5 41. Kb3 Ra3+ 42. Kc2 Kc4 43. Kd2 d4 44. Rc2+ Rc3 45. Rb2 Rf3 46.
Ke2 Kc3 47. Rb3+ 1-0

[Event "Tournoi francophone 018B"]
[Site "Skype"]
[Date "????.??.??"]
[Round "9.4"]
[White "Pouteau, Pascal"]
[Black "Trivedi, Viral"]
[Result "0-1"]
[WhiteElo "1349"]
[BlackElo "1210"]
[PlyCount "36"]

1. d4 Nf6 2. c4 g6 3. Nc3 d5 4. Nf3 Bg7 5. Bf4 O-O 6. e3 dxc4 7. Bxc4 a6 8. Qb3
b5 9. Bd3 Bb7 10. O-O-O Nc6 11. Rhe1 b4 12. Ne2 Nd5 13. Bg3 a5 14. Kb1 a4 15.
Qc2 b3 16. Qc4 Ncb4 17. a3 Nxd3 18. Rxd3 Ba6 0-1

[Event "Tournoi francophone 018B"]
[Site "Skype"]
[Date "????.??.??"]
[Round "9.5"]
[White "Gharbi, Said"]
[Black "Gadow, Martin"]
[Result "0-1"]
[WhiteElo "1252"]
[BlackElo "1369"]
[PlyCount "48"]

1. e4 c5 2. c3 Nc6 3. d4 cxd4 4. cxd4 e6 5. Nc3 a6 6. Bc4 b5 7. Bb3 Nge7 8. Nf3
Bb7 9. O-O d5 10. exd5 exd5 11. Bg5 Na5 12. Re1 Qd6 13. Ne5 f6 14. Qh5+ g6 15.
Nxg6 hxg6 16. Qxh8 fxg5 17. Re5 O-O-O 18. Rxg5 Qf4 19. Qe5 Qxe5 20. Rxe5 Nec6
21. Re6 Nxd4 22. Rxg6 Ndxb3 23. axb3 Nxb3 24. Ra3 Bxa3 0-1